000 02049nam a2200565 i 4500
001 24771
003 KOSZ 005
005 20200714125100.0
008 980702s1996 pl a f |001 0 pol
015 _aUWD 1996/6975
020 _a830111648X
035 _a991004090039705066
035 _a(PL-WaBN)b11086282-48omnis_nlop
035 _ab11086282
035 _a(OCoLC)803054253
035 _a(PL)b0000001108628
035 _a(EXLNZ-48OMNIS_NETWORK)9910205867005606
040 _aWA N
_cWA N
_dKOSZ 005/EG
041 1 _apol
_heng
080 _a658.6/.8
080 _a338.46
080 _a(07)
100 1 _aMuhlemann, Alan
_eAutor
245 1 0 _aZarządzanie :
_bprodukcja i usługi /
_cAlan P. Muhlemann, John S. Oakland, Keith G. Lockyer ; red. nauk. przekł. [z ang.] Jarosław Sołtys ; [tł. Krzysztof Wojtczak, J. Sołtys, współpr. Hubert Rutkiewicz].
246 1 _iTyt. oryg.:
_aProduction and operations management,
_f1992
260 _aWarszawa :
_bWydaw. Naukowe PWN,
_ccop. 1996.
300 _a651, [1] s. :
_bwykr. ;
_c24 cm.
336 _aTekst
_btxt
_2rdacontent
337 _aBez urządzenia pośredniczącego
_bn
_2rdamedia
338 _aWolumin
_bnc
_2rdacarrier
380 _aKsiążki
388 _a1901-2000
388 _a1989-2000
504 _aBibliogr. s. 643-646 i przy rozdz. - Indeks.
650 7 _aProdukcja
_2DBN
650 7 _aPrzedsiębiorstwo
_2DBN
650 7 _aUsługi
_2DBN
650 7 _aOrganizacja
_2DBN
655 7 _aPodręcznik
_2DBN
658 _aZarządzanie i marketing
700 1 _aLockyer, K. G.
_eAutor
700 1 _aOakland, John S.
_eAutor
700 1 _aRutkiewicz, Hubert
_eTłumaczenie
700 1 _aSołtys, Jarosław
_eTłumaczenie
700 1 _aWojtczak, Krzysztof
_eTłumaczenie
710 2 _aWydawnictwo Naukowe PWN
_4pbl
856 _uhttp://koha.tu.koszalin.pl/cgi-bin/koha/opac-detail.pl?biblionumber=24771
_yKatalog online BPK
942 _2UKD
_cKS
999 _c24771
_d24771